000 00521nam a22002051a 4500
001 5425
003 OSt
005 20260204212014.0
008 060119s1984||||dr ||||||b||||||||||spa||
020 _a84000583
050 _aRD 864.44 M67t
100 _aMir, Pedro
245 _aTres leyendas de colores / Pedro Mir
264 _aSanto Domingo : Taller
300 _a244 p
500 _aIncluye bibliografía
650 _aEnsayos - República Dominicana - Historia
700 _aAltamira, RafaelÌ
942 _2ddc
_cBK
999 _c5425
_d5425